000 00270nam a2200109Ia 4500
008 220204s9999 xx 000 0 und d
082 _a641.85
_bDUN
100 _aDunbar, Patricia
245 0 _aCadbury's chocolate cookbook
260 _aLondon
_bHamlyn
_c1978
942 _cBK
999 _c38692
_d38692